000 00893nam a22002297a 4500
999 _c7011
_d7011
003 AR-CdUCM
008 190319b ||||| |||| 00| 0 spa d
040 _aMUNICIPALIDAD PROVINCIAL DEL CUSCO
_cBIBLIOTECA MUNICIPAL DEL CUSCO
082 _a860.9 /
_bR17
100 _aRagucci, Rodolfo
_915947
245 _aLiteratura Medieval Castellana /
260 _aBuenos Aires :
_bSociedad Editora Internacional,
_c1949.
300 _a426 páginas ;
_c19 cm.
500 _aDonación de la familia Nieto.
505 _aContenido: Época preliteraria: de formación del romance castellano -- Época literaria: de formación del romance castellano -- Cantar del Mía Cid -- El teatro primitivo -- La prosa del siglo XII ...
650 _aEspaña
_9176
650 _aCantares de Gestas
_919756
650 _aProsa
_92210
650 _aPoesía lírica
_911011
942 _2ddc
_cLIBROS
945 _araen